| 000 | 00704nam a22002297a 4500 | ||
|---|---|---|---|
| 999 |
_c13141 _d13141 |
||
| 003 | AR-CdUCM | ||
| 008 | 190411b ||||| |||| 00| 0 spa d | ||
| 040 |
_aMUNICIPALIDAD PROVINCIAL DEL CUSCO _cBIBLIOTECA MUNICIPAL DEL CUSCO |
||
| 082 |
_aC / 869.5 / _bC92 |
||
| 100 |
_aCruz Salas, J. de la _931356 |
||
| 245 |
_aMachu - Pigchu : _bintiq willka usnun / |
||
| 260 |
_aCusco : _bGarcilaso, _c1962. |
||
| 300 |
_a81 paginas ; _c16 cm. |
||
| 500 | _aDedicatoria | ||
| 505 | _aContenido : Poemas | ||
| 650 |
_aPoemas en quechua _95954 |
||
| 650 |
_aIdioma inca _931357 |
||
| 650 |
_aPoemas y versos _918055 |
||
| 650 |
_aPoesía cusqueña _92323 |
||
| 942 |
_2ddc _cLIBROS |
||
| 945 |
_awnts _d2019-04-11 |
||